[Event "ITA-ch U20"]
[Site "Rome"]
[Date "1982.01.??"]
[Round "1"]
[White "Sergio, Luca"]
[Black "Micalizzi, Giovanni"]
[Result "1/2-1/2"]
[WhiteElo "1900"]
[BlackElo "2005"]
[PlyCount "34"]
[EventDate "1982.01.03"]
[EventType "tourn"]
[EventRounds "9"]
[EventCountry "ITA"]
[SourceTitle "EXT 2023"]
[Source "ChessBase"]
[SourceDate "2022.10.05"]
[SourceVersion "1"]
[SourceVersionDate "2022.10.05"]
[SourceQuality "1"]

1. e4 c5 2. Nf3 Nc6 3. d4 cxd4 4. Nxd4 g6 5. Be3 Bg7 6. Nc3 Nf6 7. Be2 0-0 8. 0-0 d5 9. exd5 Nxd5 10. Nxd5 Nxd4 11. Bxd4 Qxd5 12. Bxg7 Qxd1 13. Raxd1 Kxg7 14. Bf3 Bf5 15. Rd2 Rad8 16. Rfd1 Rxd2 17. Rxd2 b6 1/2-1/2

[Event "ITA-ch U20"]
[Site "Rome"]
[Date "1982.01.??"]
[Round "9"]
[White "Sergio, Luca"]
[Black "Pompa, Alessandro"]
[Result "1/2-1/2"]
[WhiteElo "1900"]
[BlackElo "1900"]
[PlyCount "45"]
[EventDate "1982.01.03"]
[EventType "tourn"]
[EventRounds "9"]
[EventCountry "ITA"]
[SourceTitle "EXT 2023"]
[Source "ChessBase"]
[SourceDate "2022.10.05"]
[SourceVersion "1"]
[SourceVersionDate "2022.10.05"]
[SourceQuality "1"]

1. e4 c6 2. d4 d5 3. Nc3 dxe4 4. Nxe4 Nd7 5. Bc4 Ngf6 6. Ng5 e6 7. Qe2 Nb6 8. Bb3 h6 9. N5f3 c5 10. dxc5 Bxc5 11. Bd2 Qc7 12. 0-0-0 Nbd5 13. Ne5 0-0 14. a3 a6 15. Ngf3 b5 16. g4 b4 17. axb4 Nxb4 18. Bxb4 Bxb4 19. g5 hxg5 20. h4 g4 21. Nxg4 Qf4+ 22. Ne3 Bb7 23. Rh3 1/2-1/2

[Event "ITA-ch U20"]
[Site "Rome"]
[Date "1982.01.??"]
[Round "2"]
[White "Steinfl, Alessandro"]
[Black "Sergio, Luca"]
[Result "1/2-1/2"]
[WhiteElo "1985"]
[BlackElo "1900"]
[PlyCount "68"]
[EventDate "1982.01.03"]
[EventType "tourn"]
[EventRounds "9"]
[EventCountry "ITA"]
[SourceTitle "EXT 2023"]
[Source "ChessBase"]
[SourceDate "2022.10.05"]
[SourceVersion "1"]
[SourceVersionDate "2022.10.05"]
[SourceQuality "1"]

1. e4 e5 2. Nf3 Nc6 3. Bb5 a6 4. Ba4 Nf6 5. d3 b5 6. Bb3 Be7 7. 0-0 d6 8. c3 Bg4 9. Nbd2 0-0 10. a4 Na5 11. Ba2 c5 12. Re1 Qb6 13. Nf1 Bd7 14. axb5 axb5 15. Bg5 Ra7 16. d4 Nc6 17. dxc5 dxc5 18. Bxf6 Bxf6 19. Bd5 Rfa8 20. Rxa7 Rxa7 21. Ne3 Ne7 22. Qb3 Nxd5 23. Nxd5 Be6 24. Nxf6+ gxf6 25. Qc2 b4 26. h4 bxc3 27. Qxc3 Rb7 28. Re2 Qb4 29. Qe3 Kg7 30. Nxe5 fxe5 31. Qg5+ Kf8 32. Qd8+ Kg7 33. Re3 h5 34. Qg5+ Kf8 1/2-1/2